| 000 | 00735nam a2200253 a 4500 | ||
|---|---|---|---|
| 008 | |||
| 020 | _a0706997603 (pbk.) | ||
| 049 | _aMAIN | ||
| 090 | _aHD6971PYL | ||
| 100 | 1 | _aPylee, M. V. | |
| 245 | 1 | 0 |
_aIndustrial relations and personnel management / _cM.V. Pylee & A. Simon George. |
| 260 |
_aNew Delhi : _bVikas, _c1995. |
||
| 300 |
_axii, 197 p. ; _c22 cm. |
||
| 504 | _aIncludes bibliographic references. | ||
| 500 | _aIncludes index. | ||
| 650 | _aPersonnel management. | ||
| 650 | _aIndustrial relations. | ||
| 700 | _aGeorge, A. Simon. | ||
| 907 |
_a.b10215931 _b27-10-06 _c29-09-06 |
||
| 003 | |||
| 005 | 20230123134252.0 | ||
| 040 | _cNUST | ||
| 942 |
_cBOOKS _kHD6971PYL |
||
| 999 |
_c162959 _d162959 |
||